000 00524nam a2200181Ia 4500
005 20250326123510.0
008 250326s9999 xx 000 0 und d
037 _aTextbook
040 _aFMSL
_beng
_cFMSL
041 _aeng
_2eng
084 _aX.1 P5
_qFMSL
100 _aAcocella N
_9735312
245 0 _aEconomic policy in the ae of globalisation
_cAcocella N
260 _aUnited Kingdom
_bUnited Kingdom, Cambridge University
_c2005
300 _a508p
942 _cTB
_hX.1 P5
999 _c1269630
_d1269630